000
00241nam a22001097a 4500
082
_a
583.55 TSI'T
100
_a
TSIOLKOVSKY, K
_9
80662
245
_a
THE CALL OF THE COSMOS
260
_a
MOSCOW
_b
FOREIGN
_c
1960
300
_a
466P
942
_c
BK
999
_c
585559
_d
585559